000 00731nam a22002057a 4500
999 _c61073
_d61073
003 Ge_BSU
005 20231213145820.0
008 231213s2019 ge ||||| |||| 00| 0 geo d
020 _a9789941484650
041 _ageo
080 _a338.48 შ-24
100 _aშარაბიძე, ნანა
_920707
245 _aტურიზმი სოფლად :
_bაგროტურიზმი /
_cნანა შარაბიძე.
264 _aქუთაისი :
_bაწსუ,
_c2019.
300 _a112 გვ. :
_bილ.;
_c20 სმ.
504 _aბიბლიოგრ. გვ. 105-107
653 _aტურიზმი
653 _aაგროტურიზმი
942 _2udc
_cᲬᲘᲒᲜᲘ